Abeceda pravoslávia sviečka v chráme

Bibliographic Details
Format: Article
Language:Slovak
ISSN:0139-9012
Subjects:

MARC

LEADER 00000nab a2200000 a 4500
001 vtls000753016
003 SK-MaSNL
005 20260302192316.0
008 180205c2001 xo 0 slo
015 |a SNBRB2001/04-10668 
035 |a CLN000104803 
040 |a SNKBUCL  |b slo  |c SNKBUCL  |e AACR2 
041 0 |a slo 
044 |a xo  |c SK 
080 |a 264-033  |2 UDC-MRF-SK2 
080 |a 281.93  |2 UDC-MRF-SK2 
245 0 0 |a Abeceda pravoslávia  |b sviečka v chráme 
500 |a Pokračovanie 
500 |a Spracované pre veriaceho Pravoslávnej cirkvi na Slovensku. Základom bola "Príručka pre veriaceho" vydaná svätou Uspenskou Kyjevopečorskou lavrou v r. 1999 
650 0 7 |a liturgia pravoslávna  |x symbolika  |x výklady  |2 snkbucl  |9 909257 
655 7 |a články z novín a časopisov  |2 snkbucl  |9 267496 
773 0 |x 0139-9012  |t Odkaz sv. Cyrila a Metoda  |g Roč. 47, č. 2 (2001), s. 21-22 
850 |a Slovenská národná knižnica v Martine 
852 |a SNK  |b KIS3GCP 
958 |a RBX 
999 |c 1440282  |d 1442212